| 000 | 01199cam a22002413a 4500 | ||
|---|---|---|---|
| 001 | 8389 | ||
| 003 | PGUSA | ||
| 005 | 20140828083155.0 | ||
| 008 | 050601s2005||||xxu|||||s|||||000 | eng d | ||
| 040 |
_aPGUSA _beng |
||
| 042 | _adc | ||
| 050 | 4 | _aBL | |
| 100 | 1 |
_aIngersoll, Robert Green, _d1833-1899 |
|
| 245 | 1 | 0 |
_aLectures of Col. R. G. Ingersoll - Latest _h[electronic resource] / _cRobert Green Ingersoll |
| 260 |
_bProject Gutenberg, _c2005 |
||
| 505 | 0 | _aThomas Paine -- Liberty of man, woman and child -- Orthodoxy -- Blasphemy -- Some reasons why -- Intellectual development -- Human rights -- Talmagian theology (second lecture) -- Talmagian theology (third lecture) -- Religious intolerance -- Hereafter -- Review of his reviewers -- How the gods grow -- The religion of our day -- Heretics and heresies -- The bible -- Voltaire -- Myth and miracle -- Ingersoll's letter, On the Chinese god -- Ingersoll's letter, Is suicide a sin? -- Ingersoll's letter, The right to one's life. | |
| 506 | _aPublic domain in the USA. | ||
| 516 | _aElectronic text | ||
| 653 | _aFree thought | ||
| 830 | 0 |
_aProject Gutenberg _v8389 |
|
| 856 | 4 | 0 | _uhttp://www.gutenberg.org/ebooks/8389 |
| 942 | _cEB | ||
| 999 |
_c237689 _d237689 |
||